| 000 | 00546nam a2200181Ia 4500 | ||
|---|---|---|---|
| 008 | 090123s9999 xx 000 0 und d | ||
| 082 |
_b3687 _a891.463/धारप |
||
| 100 | _aधारप नारायण | ||
| 245 | _aचंद्राची सावली | ||
| 250 | _a2 | ||
| 260 | _c1974 | ||
| 300 | _a123 | ||
| 600 | _aधारप नारायण | ||
| 630 | _aचंद्राची सावली | ||
| 700 | _aधारप नारायण | ||
| 730 | _aचंद्राची सावली | ||
| 942 | _cBOOK | ||
| 999 |
_c41766 _d41766 |
||